FIBER OPTOCS AND OPTO ELECTRONICS (Record no. 34419)

MARC details
000 -LEADER
fixed length control field 00253nam a22001217a 4500
003 - CONTROL NUMBER IDENTIFIER
control field SGT
082 ## - DEWEY DECIMAL CLASSIFICATION NUMBER
Classification number 621.382,KHA
100 ## - MAIN ENTRY--PERSONAL NAME
Personal name KHARE RA
245 ## - TITLE STATEMENT
Title FIBER OPTOCS AND OPTO ELECTRONICS
260 ## - PUBLICATION, DISTRIBUTION, ETC. (IMPRINT)
Name of publisher, distributor, etc OXFORD
Year of Publication 2006
300 ## - PAGE DESCRIPTION
No. of Pages 400
942 ## - ADDED ENTRY ELEMENTS (KOHA)
Source of classification or shelving scheme Dewey Decimal Classification
Koha item type Gifted Books
Holdings
Withdrawn status Lost status Source of classification or shelving scheme Damaged status Not for loan Collection code Home library Current library Shelving location Date acquired Vendor Name SGTU Full call number Accession No. (Barcode) Date last seen Bill Date Koha item type
    Dewey Decimal Classification     ENGINEERING SGT Engineering Library SGT Engineering Library Text Book 21/03/2026 GIFTED SGTU 621.382,KHA FE9543 21/03/2026 21/03/2026 Gifted Books